Why Nations Fail: (Record no. 3531)

MARC details
000 -LEADER
fixed length control field 00485nam a22001577a 4500
008 - FIXED-LENGTH DATA ELEMENTS--GENERAL INFORMATION
fixed length control field 250519b |||||||| |||| 00| 0 eng d
020 ## - INTERNATIONAL STANDARD BOOK NUMBER
ISBN 9781846684302
100 ## - MAIN ENTRY--AUTHOR
Author Acemoglu Daron
245 ## - TITLE STATEMENT
Title Why Nations Fail:
Remainder of title The Origins of Power and Prosperity and Poverty
260 ## - PUBLICATION, DISTRIBUTION, ETC. (IMPRINT)
Place of publication London
Name of publisher Profile Books LTD
Date of publication 2013
300 ## - COLLATION
Pagination 529P.
Other physical details illustration
650 ## - TRACINGS
Main Subject Economics - Political Aspects
Subdivision (1st) Economics - History
700 ## - ADDITIONAL AUTHOR
Additional Author Robinson James A.
942 ## - ADDED ENTRY ELEMENTS (KOHA)
Item type Books
050 ## - LIBRARY OF CONGRESS CALL NUMBER
Classification number HB74.P65
Item number .A24
Holdings
Source of classification or shelving scheme Not for loan Permanent location Current location Date acquired Accession No. Full call number Barcode. Koha item type
Library of Congress Classification   Samuel Ogbemudia Main Library, University of Abuja Samuel Ogbemudia Main Library, University of Abuja 05/19/2025 2023/61728 HB64.P24 2025-2005 Books